[Event "European Individual Chess Championship 2017"]
[Site "?"]
[Date "2017.06.07"]
[Round "8.38"]
[White "Boruchovsky, Avital"]
[Black "Sargissian, Gabriel"]
[Result "1/2-1/2"]
[BlackElo "2650"]
[WhiteElo "2557"]
[LiveChessVersion "1.4.8"]

1. e4 {[%clk 1:30:57]} e5 {[%clk 1:22:33]} 2. Nf3 {[%clk 1:31:13]} Nc6
{[%clk 1:22:51]} 3. Bb5 {[%clk 1:31:36]} Nf6 {[%clk 1:23:16]} 4. O-O
{[%clk 1:31:46]} Nxe4 {[%clk 1:23:40]} 5. d4 {[%clk 1:32:13]} Nd6
{[%clk 1:23:43]} 6. Bxc6 {[%clk 1:32:12]} dxc6 {[%clk 1:23:58]} 7. dxe5
{[%clk 1:32:36]} Nf5 {[%clk 1:24:24]} 8. Qxd8+ {[%clk 1:32:36]} Kxd8
{[%clk 1:24:50]} 9. Rd1+ {[%clk 1:32:52]} Ke8 {[%clk 1:24:55]} 10. Nc3
{[%clk 1:32:49]} Ne7 {[%clk 1:22:39]} 11. h3 {[%clk 1:33:06]} h6 {[%clk 1:21:21]}
12. b3 {[%clk 1:30:56]} Ng6 {[%clk 1:14:01]} 13. Bb2 {[%clk 1:06:00]} Be7
{[%clk 1:13:05]} 14. Ne4 {[%clk 1:04:17]} Nf4 {[%clk 1:01:00]} 15. Re1
{[%clk 0:52:05]} Ne6 {[%clk 0:52:22]} 16. Rad1 {[%clk 0:51:07]} c5
{[%clk 0:52:07]} 17. Nfd2 {[%clk 0:46:24]} b6 {[%clk 0:41:05]} 18. Nc4
{[%clk 0:44:11]} Ba6 {[%clk 0:35:18]} 19. g3 {[%clk 0:41:27]} Rd8
{[%clk 0:29:35]} 20. f4 {[%clk 0:40:18]} Rxd1 {[%clk 0:26:49]} 21. Rxd1
{[%clk 0:40:45]} Bb7 {[%clk 0:21:05]} 22. Nf2 {[%clk 0:35:59]} h5
{[%clk 0:17:06]} 23. f5 {[%clk 0:31:09]} Ng5 {[%clk 0:17:23]} 24. h4
{[%clk 0:31:17]} Nf3+ {[%clk 0:16:42]} 25. Kf1 {[%clk 0:31:45]} Bc8
{[%clk 0:10:55]} 26. e6 {[%clk 0:24:36]} Nd4 {[%clk 0:08:32]} 27. exf7+
{[%clk 0:13:05]} Kxf7 {[%clk 0:08:57]} 28. Ne5+ {[%clk 0:13:29]} Kf6
{[%clk 0:09:13]} 29. Nc6 {[%clk 0:12:40]} Bxf5 {[%clk 0:08:47]} 30. Bxd4+
{[%clk 0:12:54]} cxd4 {[%clk 0:09:05]} 31. Nxe7 {[%clk 0:13:19]} Kxe7
{[%clk 0:09:05]} 32. Rxd4 {[%clk 0:13:42]} Rh6 {[%clk 0:07:07]} 33. Rd2
{[%clk 0:12:25]} Rc6 {[%clk 0:06:22]} 34. c4 {[%clk 0:12:50]} Rg6
{[%clk 0:04:01]} 35. Re2+ {[%clk 0:08:25]} Kd7 {[%clk 0:04:09]} 36. Kg2
{[%clk 0:05:00]} Rd6 {[%clk 0:03:42]} 37. Kf3 {[%clk 0:05:25]} Kc6
{[%clk 0:03:35]} 38. Re5 {[%clk 0:04:03]} Bb1 {[%clk 0:03:13]} 39. a3
{[%clk 0:04:28]} Ba2 {[%clk 0:01:51]} 40. Re3 {[%clk 0:34:14]} Rd2
{[%clk 0:30:42]} 41. Nd3 {[%clk 0:28:46]} Bb1 {[%clk 0:30:37]} 42. Nf4
{[%clk 0:25:34]} g6 {[%clk 0:30:37]} 43. Nd5 {[%clk 0:19:38]} Rd4
{[%clk 0:30:32]} 44. Re1 {[%clk 0:08:54]} Rd3+ {[%clk 0:28:39]} 45. Re3
{[%clk 0:09:01]} a5 {[%clk 0:21:22]} 46. Rxd3 {[%clk 0:09:01]} Bxd3
{[%clk 0:21:43]} 47. Ke3 {[%clk 0:09:13]} Bc2 {[%clk 0:18:53]} 48. b4
{[%clk 0:09:06]} Kd6 {[%clk 0:18:56]} 49. Kd4 {[%clk 0:08:38]} Bb1
{[%clk 0:13:59]} 50. c5+ {[%clk 0:06:19]} bxc5+ {[%clk 0:14:24]} 51. bxc5+
{[%clk 0:06:45]} Kd7 {[%clk 0:14:03]} 52. Nc3 {[%clk 0:06:10]} Bf5
{[%clk 0:13:49]} 53. Kd5 {[%clk 0:06:28]} Be6+ {[%clk 0:13:58]} 54. Ke5
{[%clk 0:06:51]} Bc4 {[%clk 0:13:13]} 55. Kd4 {[%clk 0:06:32]} Bf7
{[%clk 0:12:27]} 56. Nb5 {[%clk 0:04:37]} Kc6 {[%clk 0:12:34]} 57. Na7+
{[%clk 0:04:55]} Kb7 {[%clk 0:12:55]} 58. Nb5 {[%clk 0:05:22]} Bg8
{[%clk 0:12:05]} 59. Nc3 {[%clk 0:05:21]} Kc6 {[%clk 0:12:21]} 60. Ne2
{[%clk 0:05:30]} Kb5 {[%clk 0:11:57]} 1/2-1/2

[Event "European Individual Chess Championship 2017"]
[Site "?"]
[Date "2017.06.07"]
[Round "8.39"]
[White "Forcen Esteban, Daniel"]
[Black "Lysyj, Igor"]
[Result "1-0"]
[BlackElo "2643"]
[WhiteElo "2545"]
[LiveChessVersion "1.4.8"]

1. e4 {[%clk 1:30:57]} e6 {[%clk 1:30:54]} 2. d4 {[%clk 1:31:20]} d5
{[%clk 1:31:20]} 3. Nc3 {[%clk 1:31:46]} Nf6 {[%clk 1:31:44]} 4. e5
{[%clk 1:32:01]} Nfd7 {[%clk 1:32:09]} 5. f4 {[%clk 1:32:27]} c5 {[%clk 1:32:33]}
6. Nf3 {[%clk 1:32:53]} Nc6 {[%clk 1:32:57]} 7. Be3 {[%clk 1:33:17]} Be7
{[%clk 1:33:23]} 8. Qd2 {[%clk 1:33:42]} O-O {[%clk 1:33:30]} 9. dxc5
{[%clk 1:31:32]} Nxc5 {[%clk 1:33:29]} 10. O-O-O {[%clk 1:31:56]} a6
{[%clk 1:33:51]} 11. Kb1 {[%clk 1:32:21]} b5 {[%clk 1:33:53]} 12. Bxc5
{[%clk 1:24:54]} Bxc5 {[%clk 1:33:52]} 13. h4 {[%clk 1:25:21]} f6
{[%clk 1:25:20]} 14. exf6 {[%clk 1:21:25]} gxf6 {[%clk 1:15:43]} 15. f5
{[%clk 1:14:41]} d4 {[%clk 1:05:33]} 16. Ne4 {[%clk 1:10:12]} Bb4
{[%clk 1:01:27]} 17. Qh6 {[%clk 1:09:18]} exf5 {[%clk 0:57:43]} 18. Ng3
{[%clk 1:04:27]} Qe8 {[%clk 0:23:50]} 19. Bd3 {[%clk 0:54:29]} Qg6
{[%clk 0:24:18]} 20. Qf4 {[%clk 0:54:44]} Qg4 {[%clk 0:20:19]} 21. Qc7
{[%clk 0:53:00]} Ne5 {[%clk 0:20:46]} 22. Nxe5 {[%clk 0:50:34]} Qxg3
{[%clk 0:21:01]} 23. Qc6 {[%clk 0:47:07]} fxe5 {[%clk 0:21:00]} 24. Qxa8
{[%clk 0:47:30]} Qg7 {[%clk 0:20:47]} 25. Qd5+ {[%clk 0:45:59]} Kh8
{[%clk 0:21:11]} 26. Rhf1 {[%clk 0:45:45]} Qe7 {[%clk 0:17:18]} 27. g3
{[%clk 0:23:39]} Bb7 {[%clk 0:17:25]} 28. Qb3 {[%clk 0:24:05]} e4
{[%clk 0:17:29]} 29. Be2 {[%clk 0:24:28]} Bc5 {[%clk 0:17:01]} 30. a4
{[%clk 0:24:45]} Bc6 {[%clk 0:12:06]} 31. axb5 {[%clk 0:19:50]} axb5
{[%clk 0:12:35]} 32. Bxb5 {[%clk 0:17:58]} Rb8 {[%clk 0:12:52]} 33. Rxf5
{[%clk 0:18:24]} Rxb5 {[%clk 0:12:51]} 34. Qc4 {[%clk 0:18:42]} Qb7
{[%clk 0:05:49]} 35. b3 {[%clk 0:09:24]} Qe7 {[%clk 0:05:16]} 36. Rg5
{[%clk 0:09:03]} 1-0

[Event "European Individual Chess Championship 2017"]
[Site "?"]
[Date "2017.06.07"]
[Round "8.40"]
[White "Zhigalko, Sergei"]
[Black "Petrosyan, Manuel"]
[Result "1-0"]
[BlackElo "2546"]
[WhiteElo "2643"]
[LiveChessVersion "1.4.8"]

1. c4 {[%clk 1:30:56]} e6 {[%clk 1:26:32]} 2. Nc3 {[%clk 1:31:02]} d5
{[%clk 1:22:58]} 3. d4 {[%clk 1:31:02]} Nf6 {[%clk 1:23:19]} 4. cxd5
{[%clk 1:31:23]} exd5 {[%clk 1:23:28]} 5. Bg5 {[%clk 1:31:37]} c6
{[%clk 1:23:18]} 6. e3 {[%clk 1:31:30]} Be7 {[%clk 1:22:39]} 7. Bd3
{[%clk 1:30:49]} Nbd7 {[%clk 1:22:55]} 8. Qc2 {[%clk 1:25:59]} Nh5
{[%clk 1:20:20]} 9. Bxe7 {[%clk 1:23:55]} Qxe7 {[%clk 1:20:40]} 10. Nge2
{[%clk 1:22:11]} Nb6 {[%clk 1:17:06]} 11. O-O {[%clk 1:09:10]} g6
{[%clk 1:14:18]} 12. Rab1 {[%clk 1:01:29]} Ng7 {[%clk 0:56:04]} 13. b4
{[%clk 0:49:28]} a6 {[%clk 0:54:44]} 14. Na4 {[%clk 0:38:49]} Nxa4
{[%clk 0:53:21]} 15. Qxa4 {[%clk 0:39:17]} O-O {[%clk 0:51:28]} 16. Qc2
{[%clk 0:32:13]} Bf5 {[%clk 0:47:23]} 17. Nf4 {[%clk 0:32:29]} Bxd3
{[%clk 0:46:20]} 18. Nxd3 {[%clk 0:32:52]} Nf5 {[%clk 0:46:08]} 19. a4
{[%clk 0:29:54]} Nd6 {[%clk 0:40:17]} 20. a5 {[%clk 0:28:39]} Kg7
{[%clk 0:36:20]} 21. Rbe1 {[%clk 0:28:52]} Rae8 {[%clk 0:33:34]} 22. Nc5
{[%clk 0:14:50]} Rd8 {[%clk 0:20:59]} 23. f3 {[%clk 0:14:30]} Rfe8
{[%clk 0:13:54]} 24. Qf2 {[%clk 0:12:15]} Nf5 {[%clk 0:10:58]} 25. g4
{[%clk 0:06:52]} Nd6 {[%clk 0:09:13]} 26. e4 {[%clk 0:05:49]} dxe4
{[%clk 0:09:10]} 27. fxe4 {[%clk 0:06:17]} Qg5 {[%clk 0:08:58]} 28. h3
{[%clk 0:06:40]} Qe7 {[%clk 0:03:18]} 29. e5 {[%clk 0:06:37]} Nb5
{[%clk 0:03:46]} 30. e6 {[%clk 0:07:03]} f5 {[%clk 0:02:41]} 31. gxf5
{[%clk 0:06:56]} Qg5+ {[%clk 0:02:08]} 32. Kh2 {[%clk 0:06:09]} Qxf5
{[%clk 0:02:05]} 33. Qe3 {[%clk 0:04:37]} Qh5 {[%clk 0:00:33]} 34. e7
{[%clk 0:03:18]} Rd6 {[%clk 0:01:02]} 35. Ne6+ {[%clk 0:03:12]} Rxe6
{[%clk 0:01:31]} 36. Qxe6 {[%clk 0:03:37]} Qd5 {[%clk 0:01:23]} 37. Qf6+
{[%clk 0:03:19]} 1-0

[Event "European Individual Chess Championship 2017"]
[Site "?"]
[Date "2017.06.07"]
[Round "8.41"]
[White "Lenic, Luka"]
[Black "Moskalenko, Alexander"]
[Result "1-0"]
[BlackElo "2514"]
[WhiteElo "2641"]
[LiveChessVersion "1.4.8"]

1. d4 Nf6 {[%clk 1:30:09]} 2. c4 {[%clk 1:31:22]} e6 {[%clk 1:30:34]} 3. Nf3
{[%clk 1:31:39]} Bb4+ {[%clk 1:30:13]} 4. Nbd2 {[%clk 1:30:57]} b6
{[%clk 1:29:29]} 5. a3 {[%clk 1:29:49]} Bxd2+ {[%clk 1:29:52]} 6. Qxd2
{[%clk 1:30:14]} Bb7 {[%clk 1:30:13]} 7. e3 {[%clk 1:30:00]} d6 {[%clk 1:30:30]}
8. Be2 {[%clk 1:28:44]} a5 {[%clk 1:30:24]} 9. b3 {[%clk 1:27:39]} Nbd7
{[%clk 1:30:47]} 10. Bb2 {[%clk 1:24:00]} O-O {[%clk 1:29:34]} 11. O-O
{[%clk 1:23:14]} Qe7 {[%clk 1:29:43]} 12. Rad1 {[%clk 1:16:13]} Ne4
{[%clk 1:28:01]} 13. Qc2 {[%clk 1:15:25]} f5 {[%clk 1:28:15]} 14. d5
{[%clk 1:11:04]} e5 {[%clk 1:27:00]} 15. Nd2 {[%clk 1:10:35]} Nxd2
{[%clk 1:27:07]} 16. Rxd2 {[%clk 1:09:58]} e4 {[%clk 1:14:35]} 17. f4
{[%clk 1:02:39]} exf3 {[%clk 1:14:03]} 18. Rxf3 {[%clk 1:02:47]} Nc5
{[%clk 1:11:48]} 19. Bd3 {[%clk 0:53:37]} Nxd3 {[%clk 0:44:07]} 20. Qxd3
{[%clk 0:53:21]} Rae8 {[%clk 0:40:50]} 21. Rdf2 {[%clk 0:47:23]} Bc8
{[%clk 0:35:11]} 22. Rg3 {[%clk 0:45:08]} Rf7 {[%clk 0:33:57]} 23. Rf4
{[%clk 0:34:43]} Qf8 {[%clk 0:34:11]} 24. h3 {[%clk 0:34:43]} Ree7
{[%clk 0:34:23]} 25. Bd4 {[%clk 0:31:30]} Qe8 {[%clk 0:30:03]} 26. Qd1
{[%clk 0:30:58]} Re4 {[%clk 0:27:58]} 27. Qa1 {[%clk 0:25:09]} Qe7
{[%clk 0:12:38]} 28. b4 {[%clk 0:25:26]} h6 {[%clk 0:11:20]} 29. bxa5
{[%clk 0:18:35]} bxa5 {[%clk 0:10:05]} 30. Qd1 {[%clk 0:19:01]} Rxf4
{[%clk 0:08:28]} 31. exf4 {[%clk 0:19:26]} Qh4 {[%clk 0:04:39]} 32. Qe1
{[%clk 0:17:14]} Kf8 {[%clk 0:04:15]} 33. Qc3 {[%clk 0:17:00]} g5
{[%clk 0:04:05]} 34. Bf2 {[%clk 0:15:03]} Kg8 {[%clk 0:00:52]} 35. Rxg5+
{[%clk 0:14:54]} hxg5 {[%clk 0:01:17]} 36. Bxh4 {[%clk 0:15:21]} gxh4
{[%clk 0:01:42]} 37. Qxa5 {[%clk 0:15:35]} Kh7 {[%clk 0:02:03]} 38. Qe1
{[%clk 0:15:43]} Ba6 {[%clk 0:01:27]} 39. Qxh4+ {[%clk 0:15:42]} Kg7
{[%clk 0:01:56]} 40. Qg3+ {[%clk 0:45:31]} Kh6 {[%clk 0:32:10]} 41. Qc3
{[%clk 0:45:35]} Kg6 {[%clk 0:32:29]} 42. c5 {[%clk 0:44:03]} dxc5
{[%clk 0:32:52]} 43. Qxc5 {[%clk 0:43:44]} Kh7 {[%clk 0:32:59]} 44. a4
{[%clk 0:40:36]} Bd3 {[%clk 0:32:58]} 45. d6 {[%clk 0:40:11]} cxd6
{[%clk 0:33:11]} 46. Qd5 {[%clk 0:40:36]} 1-0

[Event "European Individual Chess Championship 2017"]
[Site "?"]
[Date "2017.06.07"]
[Round "8.42"]
[White "Edouard, Romain"]
[Black "Iljiushenok, Ilia"]
[Result "1/2-1/2"]
[BlackElo "2489"]
[WhiteElo "2640"]
[LiveChessVersion "1.4.8"]

1. e4 {[%clk 1:27:41]} c5 {[%clk 1:30:43]} 2. Nf3 {[%clk 1:28:05]} e6
{[%clk 1:31:07]} 3. d4 {[%clk 1:28:26]} cxd4 {[%clk 1:31:31]} 4. Nxd4
{[%clk 1:28:53]} Nc6 {[%clk 1:31:55]} 5. Nc3 {[%clk 1:29:18]} Qc7
{[%clk 1:32:21]} 6. Be3 {[%clk 1:29:35]} a6 {[%clk 1:32:35]} 7. a3
{[%clk 1:29:31]} b5 {[%clk 1:20:11]} 8. Nxc6 {[%clk 1:28:40]} dxc6
{[%clk 1:17:27]} 9. Qg4 {[%clk 1:28:51]} Nf6 {[%clk 0:43:49]} 10. Qg3
{[%clk 1:28:13]} e5 {[%clk 0:44:09]} 11. Be2 {[%clk 1:21:59]} h5 {[%clk 0:42:02]}
12. f4 {[%clk 1:05:30]} Be7 {[%clk 0:31:18]} 13. f5 {[%clk 0:44:23]} Bb7
{[%clk 0:28:04]} 14. Rd1 {[%clk 0:39:28]} Kf8 {[%clk 0:22:19]} 15. O-O
{[%clk 0:34:46]} Re8 {[%clk 0:16:22]} 16. Qf2 {[%clk 0:29:47]} c5
{[%clk 0:11:32]} 17. a4 {[%clk 0:29:15]} b4 {[%clk 0:10:36]} 18. Nd5
{[%clk 0:29:37]} Bxd5 {[%clk 0:10:37]} 19. exd5 {[%clk 0:30:02]} Bd6
{[%clk 0:10:56]} 20. Bxa6 {[%clk 0:21:42]} Ng4 {[%clk 0:11:11]} 21. Qe2
{[%clk 0:22:06]} e4 {[%clk 0:10:41]} 22. h3 {[%clk 0:22:34]} c4 {[%clk 0:05:52]}
23. Kh1 {[%clk 0:22:03]} Nxe3 {[%clk 0:05:09]} 24. Qxe3 {[%clk 0:22:29]} Bc5
{[%clk 0:05:27]} 25. d6 {[%clk 0:14:37]} Qb6 {[%clk 0:05:23]} 26. Qf4
{[%clk 0:14:46]} Qxa6 {[%clk 0:05:30]} 27. f6 {[%clk 0:15:07]} Rg8
{[%clk 0:03:58]} 28. d7 {[%clk 0:06:14]} Rd8 {[%clk 0:04:24]} 29. Qe5
{[%clk 0:01:26]} Qa7 {[%clk 0:04:16]} 30. Rf5 {[%clk 0:00:52]} gxf6
{[%clk 0:03:43]} 31. Qxc5+ {[%clk 0:00:37]} Qxc5 {[%clk 0:04:12]} 32. Rxc5
{[%clk 0:01:03]} c3 {[%clk 0:01:05]} 33. bxc3 {[%clk 0:01:09]} bxc3
{[%clk 0:01:34]} 34. Rd4 {[%clk 0:00:48]} Rg3 {[%clk 0:01:19]} 35. a5
{[%clk 0:00:34]} e3 {[%clk 0:00:51]} 36. Rc8 {[%clk 0:00:49]} Ke7
{[%clk 0:00:58]} 37. Re4+ {[%clk 0:00:35]} Kxd7 {[%clk 0:01:18]} 38. Rxc3
{[%clk 0:01:02]} Rdg8 {[%clk 0:01:25]} 39. Rd3+ {[%clk 0:00:35]} Kc6
{[%clk 0:01:40]} 40. Rdxe3 {[%clk 0:30:38]} Rxg2 {[%clk 0:32:05]} 41. Re2
{[%clk 0:29:25]} Rxe2 {[%clk 0:19:25]} 42. Rxe2 {[%clk 0:29:44]} Ra8
{[%clk 0:19:42]} 43. Rf2 {[%clk 0:30:07]} Rxa5 {[%clk 0:20:01]} 44. Rxf6+
{[%clk 0:30:34]} Kd7 {[%clk 0:20:24]} 45. Rxf7+ {[%clk 0:30:58]} Kd6
{[%clk 0:19:14]} 46. Rf3 {[%clk 0:28:41]} Ke5 {[%clk 0:17:32]} 47. Kg2
{[%clk 0:28:42]} h4 {[%clk 0:13:50]} 48. Re3+ {[%clk 0:27:37]} Kf4
{[%clk 0:13:37]} 49. Rc3 {[%clk 0:27:15]} Ra4 {[%clk 0:12:51]} 50. Kf2
{[%clk 0:27:13]} Rd4 {[%clk 0:13:06]} 51. Ke2 {[%clk 0:26:08]} Rd8
{[%clk 0:13:10]} 52. Rf3+ {[%clk 0:23:53]} Ke4 {[%clk 0:13:08]} 53. Rf7
{[%clk 0:21:55]} Rg8 {[%clk 0:13:02]} 54. Rh7 {[%clk 0:21:36]} Rg2+
{[%clk 0:13:27]} 55. Kd1 {[%clk 0:21:17]} Kd4 {[%clk 0:09:22]} 56. Rxh4+
{[%clk 0:20:04]} Kc3 {[%clk 0:09:50]} 57. Rh8 {[%clk 0:18:10]} Rd2+
{[%clk 0:04:54]} 58. Ke1 {[%clk 0:18:28]} Rh2 {[%clk 0:05:21]} 59. Kf1
{[%clk 0:07:00]} Kd4 {[%clk 0:05:43]} 60. Rh4+ {[%clk 0:06:55]} Kc3
{[%clk 0:04:48]} 61. Rh8 {[%clk 0:04:51]} Kd4 {[%clk 0:05:13]} 62. Rh4+
{[%clk 0:00:43]} Kc3 {[%clk 0:05:42]} 63. Ra4 {[%clk 0:00:49]} Rxc2
{[%clk 0:06:01]} 64. h4 {[%clk 0:01:05]} Kd3 {[%clk 0:06:24]} 65. h5
{[%clk 0:01:09]} Ke3 {[%clk 0:06:25]} 66. Kg1 {[%clk 0:01:14]} Kf3
{[%clk 0:06:44]} 67. h6 {[%clk 0:01:29]} Kg3 {[%clk 0:06:51]} 68. Ra3+
{[%clk 0:01:17]} Kg4 {[%clk 0:07:20]} 69. h7 {[%clk 0:01:30]} Rc8
{[%clk 0:06:52]} 70. Ra7 {[%clk 0:01:39]} Rh8 {[%clk 0:07:17]} 71. Kg2
{[%clk 0:02:05]} Kg5 {[%clk 0:07:45]} 72. Kg3 {[%clk 0:02:30]} Kg6
{[%clk 0:08:12]} 73. Kg4 {[%clk 0:02:57]} Rxh7 {[%clk 0:08:39]} 74. Rxh7
{[%clk 0:03:25]} Kxh7 {[%clk 0:09:08]} 1/2-1/2

[Event "European Individual Chess Championship 2017"]
[Site "?"]
[Date "2017.06.07"]
[Round "8.43"]
[White "Maze, Sebastien"]
[Black "Khegay, Dmitriy"]
[Result "1-0"]
[BlackElo "2482"]
[WhiteElo "2619"]
[LiveChessVersion "1.4.8"]

1. Nf3 {[%clk 1:30:04]} Nf6 {[%clk 1:30:53]} 2. g3 {[%clk 1:30:31]} d5
{[%clk 1:31:18]} 3. Bg2 {[%clk 1:30:56]} e6 {[%clk 1:31:42]} 4. O-O
{[%clk 1:29:14]} Be7 {[%clk 1:32:08]} 5. d3 {[%clk 1:29:29]} O-O {[%clk 1:32:26]}
6. Nbd2 {[%clk 1:29:50]} c5 {[%clk 1:32:51]} 7. e4 {[%clk 1:30:16]} Nc6
{[%clk 1:33:18]} 8. Re1 {[%clk 1:30:39]} Qc7 {[%clk 1:33:13]} 9. Nf1
{[%clk 1:30:34]} dxe4 {[%clk 1:18:18]} 10. dxe4 {[%clk 1:31:02]} Rd8
{[%clk 1:18:35]} 11. Bd2 {[%clk 1:30:54]} e5 {[%clk 1:16:48]} 12. c3
{[%clk 1:28:40]} h6 {[%clk 1:16:45]} 13. Qc2 {[%clk 1:26:54]} Be6
{[%clk 1:14:53]} 14. Ne3 {[%clk 1:27:09]} c4 {[%clk 1:13:44]} 15. Rad1
{[%clk 1:26:03]} Bc5 {[%clk 1:11:47]} 16. Bc1 {[%clk 1:25:24]} Ng4
{[%clk 1:01:57]} 17. Nxg4 {[%clk 1:22:38]} Bxg4 {[%clk 1:02:21]} 18. Rd5
{[%clk 1:20:49]} Bd6 {[%clk 0:50:59]} 19. Qe2 {[%clk 1:05:59]} Be6
{[%clk 0:50:26]} 20. Qxc4 {[%clk 1:01:48]} Bxd5 {[%clk 0:45:33]} 21. exd5
{[%clk 1:02:08]} Nd4 {[%clk 0:45:32]} 22. Nd2 {[%clk 1:01:29]} Qxc4
{[%clk 0:38:41]} 23. Nxc4 {[%clk 1:01:56]} Nf5 {[%clk 0:39:06]} 24. Bh3
{[%clk 0:33:25]} Ne7 {[%clk 0:39:21]} 25. Nxd6 {[%clk 0:33:52]} Rxd6
{[%clk 0:39:43]} 26. c4 {[%clk 0:34:17]} Ng6 {[%clk 0:27:54]} 27. b3
{[%clk 0:32:26]} Rad8 {[%clk 0:21:09]} 28. a4 {[%clk 0:29:53]} a5
{[%clk 0:16:10]} 29. Ba3 {[%clk 0:26:30]} Rf6 {[%clk 0:16:35]} 30. Bg2
{[%clk 0:26:12]} b6 {[%clk 0:15:42]} 31. h4 {[%clk 0:24:56]} Re8 {[%clk 0:11:38]}
32. Bb2 {[%clk 0:22:52]} Rd6 {[%clk 0:10:35]} 33. f4 {[%clk 0:18:00]} e4
{[%clk 0:10:58]} 34. Rxe4 {[%clk 0:18:07]} Rxe4 {[%clk 0:07:24]} 35. Bxe4
{[%clk 0:18:36]} Nf8 {[%clk 0:07:48]} 36. Be5 {[%clk 0:13:04]} Rd7
{[%clk 0:08:14]} 37. Bf5 {[%clk 0:12:48]} Ra7 {[%clk 0:08:08]} 38. Bd4
{[%clk 0:12:45]} Rb7 {[%clk 0:06:22]} 39. h5 {[%clk 0:12:31]} f6 {[%clk 0:04:51]}
40. Kf2 {[%clk 0:41:25]} Kf7 {[%clk 0:35:13]} 41. g4 {[%clk 0:35:41]} Ke8
{[%clk 0:27:33]} 42. Kf3 {[%clk 0:35:15]} Kf7 {[%clk 0:12:49]} 43. Ke4
{[%clk 0:33:16]} Re7+ {[%clk 0:13:14]} 44. Kd3 {[%clk 0:33:40]} Rb7
{[%clk 0:13:40]} 45. Kc3 {[%clk 0:33:28]} g6 {[%clk 0:13:08]} 46. hxg6+
{[%clk 0:27:50]} Nxg6 {[%clk 0:13:33]} 47. Be3 {[%clk 0:28:11]} Nh4
{[%clk 0:09:52]} 48. Be6+ {[%clk 0:24:30]} Ke8 {[%clk 0:09:44]} 49. b4
{[%clk 0:22:08]} axb4+ {[%clk 0:04:25]} 50. Kxb4 {[%clk 0:22:21]} Ng2
{[%clk 0:04:50]} 51. Bd2 {[%clk 0:22:28]} Rc7 {[%clk 0:02:52]} 52. f5
{[%clk 0:17:53]} Rg7 {[%clk 0:03:13]} 53. d6 {[%clk 0:17:13]} Rxg4
{[%clk 0:03:36]} 54. d7+ {[%clk 0:16:40]} Ke7 {[%clk 0:03:19]} 55. Bc3
{[%clk 0:17:02]} 1-0

[Event "European Individual Chess Championship 2017"]
[Site "?"]
[Date "2017.06.07"]
[Round "8.44"]
[White "Sanal, Vahap"]
[Black "Popov, Ivan"]
[Result "0-1"]
[BlackElo "2618"]
[WhiteElo "2533"]
[LiveChessVersion "1.4.8"]

1. Nf3 {[%clk 1:26:48]} d5 {[%clk 1:30:38]} 2. c4 {[%clk 1:27:10]} d4
{[%clk 1:30:43]} 3. g3 {[%clk 1:27:04]} g6 {[%clk 1:26:22]} 4. Bg2
{[%clk 1:27:26]} Bg7 {[%clk 1:26:45]} 5. e3 {[%clk 1:26:38]} dxe3
{[%clk 1:20:30]} 6. fxe3 {[%clk 1:23:28]} e5 {[%clk 1:19:25]} 7. Nc3
{[%clk 1:20:59]} f5 {[%clk 0:54:30]} 8. d3 {[%clk 1:18:21]} Ne7 {[%clk 0:52:32]}
9. O-O {[%clk 1:18:07]} O-O {[%clk 0:52:54]} 10. e4 {[%clk 1:16:23]} h6
{[%clk 0:46:54]} 11. Be3 {[%clk 1:07:55]} f4 {[%clk 0:44:38]} 12. gxf4
{[%clk 1:05:49]} exf4 {[%clk 0:45:00]} 13. Bc5 {[%clk 1:04:54]} Nd7
{[%clk 0:40:42]} 14. Ba3 {[%clk 1:01:07]} g5 {[%clk 0:31:43]} 15. h3
{[%clk 0:52:56]} c5 {[%clk 0:27:35]} 16. Nb5 {[%clk 0:41:53]} Nc6
{[%clk 0:23:10]} 17. Nd6 {[%clk 0:41:22]} Nde5 {[%clk 0:19:52]} 18. Nxc8
{[%clk 0:35:42]} Nxf3+ {[%clk 0:19:46]} 19. Qxf3 {[%clk 0:35:39]} Bd4+
{[%clk 0:19:18]} 20. Kh1 {[%clk 0:36:04]} Ne5 {[%clk 0:18:59]} 21. Qh5
{[%clk 0:34:02]} Rxc8 {[%clk 0:19:21]} 22. Rad1 {[%clk 0:30:51]} Rc6
{[%clk 0:15:14]} 23. Bf3 {[%clk 0:31:05]} Qe8 {[%clk 0:14:12]} 24. Rd2
{[%clk 0:23:33]} Qxh5 {[%clk 0:13:20]} 25. Bxh5 {[%clk 0:23:59]} Ra6
{[%clk 0:11:24]} 26. Rg2 {[%clk 0:22:47]} Kg7 {[%clk 0:10:02]} 27. Rd1
{[%clk 0:22:35]} f3 {[%clk 0:08:51]} 28. Rc2 {[%clk 0:22:46]} Rf4
{[%clk 0:08:46]} 29. Rh2 {[%clk 0:21:48]} Raf6 {[%clk 0:07:04]} 30. Rf1
{[%clk 0:22:01]} Rh4 {[%clk 0:06:40]} 31. Be8 {[%clk 0:22:22]} Nxd3
{[%clk 0:06:48]} 32. Bd7 {[%clk 0:22:49]} Rxe4 {[%clk 0:06:44]} 0-1

[Event "European Individual Chess Championship 2017"]
[Site "?"]
[Date "2017.06.07"]
[Round "8.45"]
[White "Alonso Rosell, Alvar"]
[Black "Alekseev, Evgeny"]
[Result "1/2-1/2"]
[BlackElo "2610"]
[WhiteElo "2536"]
[LiveChessVersion "1.4.8"]

1. d4 {[%clk 1:30:58]} e6 {[%clk 1:26:24]} 2. c4 {[%clk 1:31:25]} b6
{[%clk 1:23:40]} 3. e4 {[%clk 1:31:54]} Bb7 {[%clk 1:23:56]} 4. Bd3
{[%clk 1:32:22]} Nc6 {[%clk 1:20:34]} 5. Nf3 {[%clk 1:28:58]} Nb4
{[%clk 1:16:49]} 6. O-O {[%clk 1:29:17]} Nxd3 {[%clk 1:15:41]} 7. Qxd3
{[%clk 1:29:44]} Ne7 {[%clk 1:13:52]} 8. d5 {[%clk 1:08:35]} Ng6 {[%clk 1:11:02]}
9. Nc3 {[%clk 1:02:00]} Be7 {[%clk 1:03:52]} 10. Nd4 {[%clk 1:00:12]} O-O
{[%clk 0:59:50]} 11. Be3 {[%clk 0:59:15]} c6 {[%clk 0:53:26]} 12. Nf3
{[%clk 0:47:57]} d6 {[%clk 0:34:14]} 13. dxc6 {[%clk 0:35:22]} Bxc6
{[%clk 0:34:37]} 14. Rfd1 {[%clk 0:34:21]} Qc8 {[%clk 0:28:35]} 15. Rac1
{[%clk 0:27:30]} Qb7 {[%clk 0:27:40]} 16. Nd4 {[%clk 0:17:28]} Ne5
{[%clk 0:27:09]} 17. Qc2 {[%clk 0:17:32]} Bd7 {[%clk 0:22:37]} 18. Qe2
{[%clk 0:15:06]} Rfc8 {[%clk 0:17:41]} 19. b3 {[%clk 0:15:18]} a6
{[%clk 0:18:05]} 20. a4 {[%clk 0:14:57]} Bf8 {[%clk 0:16:48]} 21. f3 1/2-1/2